| 000 | 01792nam0a2200325 4500 | ||
|---|---|---|---|
| 001 | RU\NLR\bibl\160637 | ||
| 005 | 20250618053450.0 | ||
| 021 |
_aRU _b2000-44410 _92048 |
||
| 035 | _a(NLR Aleph) 000157563 | ||
| 090 |
_a905716 _c905716 |
||
| 100 | _a20010605d2000 |||y0rusy50 ca | ||
| 101 | 0 | _arus | |
| 102 | _aRU | ||
| 105 | _aa ||||||||| | ||
| 200 | 1 |
_aИнформатика. Фрактальные процессы в компьютерных сетях _eУчеб. пособие _fА.Я. Городецкий, В.С. Заборовский _gМ-во образования Рос. Федерации, С.-Петерб. гос. техн. ун-т, Центр. н.-и. и опытно-конструкт. ин-т робототехники и техн. кибернетики |
|
| 210 |
_aСПб. _cИзд-во СПбГТУ _d2000 |
||
| 215 |
_a101 с. _cил. _d20 |
||
| 313 | _aСетевой трафик | ||
| 320 | _aБиблигр.: с. 99-100 | ||
| 606 | 0 |
_aВычислительные сети _jРуководства, пособия и т.п. для высшей школы _xОбмен информацией _xФрактальные методы _92208513 _3RU\NLR\auth\661326793 |
|
| 606 | 0 |
_aВычислительные сети _jУчебные издания для высшей школы _xОбмен информацией _xФрактальные методы _92208513 _3RU\NLR\auth\661326793 |
|
| 686 | _aЗ988.02-01с11я73-1 | ||
| 700 | 1 |
_aГородецкий _bА. Я. _gАлександр Яковлевич _4070 |
|
| 701 | 1 |
_aЗаборовский _bВ. С. _gВладимир Сергеевич _4070 |
|
| 801 | 0 |
_aRU _bNLR _c20010605 _gPSBO |
|
| 801 | 1 |
_aRU _bNLR _c20010605 |
|
| 830 | _aАвт. по кн. | ||
| 942 | _cBOOK | ||
| 980 | _aNB | ||